The McCook daily gazette
| Título anterior: | Red Willow County gazette South side sentinel (Marion, Neb.) McCook tribune Red Willow County reporter |
|---|---|
| Formato: | Electrónico Periódico |
| Lenguaje: | inglés |
| Publicado: |
McCook, Neb. :
H.D. Strunk
|
| Materias: | |
| Acceso en línea: | Full text available from Research Library: 08/19/1993 to 05/08/1997 |
MARC
| LEADER | 00000nas a2200000 a 4500 | ||
|---|---|---|---|
| 001 | ssj0022783 | ||
| 003 | WaSeSS | ||
| 005 | 20200512172242.0 | ||
| 006 | m d | ||
| 007 | cr n | ||
| 008 | 860409c19249999nbudn nes 0 0eng d | ||
| 010 | |a sn 86063435 | ||
| 035 | |a (WaSeSS)ssj0022783 | ||
| 040 | |a KSH |b eng |c KSH |d KHi |d NbU |d OCoLC |d DLC |d OCoLC |d WaSeSS | ||
| 042 | |a msc | ||
| 043 | |a n-us-nb | ||
| 245 | 0 | 4 | |a The McCook daily gazette |h [electronic resource]. |
| 260 | |a McCook, Neb. : |b H.D. Strunk | ||
| 310 | |a Daily (except Sun.), |b Apr. 28, 1958- | ||
| 321 | |a Daily, |b Dec. 19, 1954-Apr. 27, 1958 | ||
| 321 | |a Daily (except Sun.), |b <Jan. 1, 1925>-Dec. 18, 1954 | ||
| 362 | 1 | |a Began in Dec. 1924. | |
| 506 | |a License restrictions may limit access. | ||
| 580 | |a Other ed.: Red Willow County gazette, <Dec. 11, 1924>-<Feb. 9, 1925>. | ||
| 580 | |a Absorbed: Red Willow County gazette, <1925>; South side sentinel, (Marion, Neb.), Nov. 1, 1934; McCook tribune, June 20, 1936; and Red Willow County reporter, Feb. 7, 1957. | ||
| 588 | |a Description based on: Vol. 1, no. 15 (Jan. 1, 1925). | ||
| 651 | 0 | |a Red Willow County (Neb.) |v Newspapers. | |
| 655 | 0 | |a Electronic journals. | |
| 752 | |a United States |b Nebraska |c Red Willow |d McCook. | ||
| 775 | 1 | |t Red Willow County gazette | |
| 780 | 1 | 5 | |t Red Willow County gazette |
| 780 | 1 | 5 | |t South side sentinel (Marion, Neb.) |
| 780 | 1 | 5 | |t McCook tribune |x 2157-8141 |w (DLC)sn 94056415 |w (OCoLC)13412922 |
| 780 | 1 | 5 | |t Red Willow County reporter |
| 856 | 4 | 0 | |z Full text available from Research Library: 08/19/1993 to 05/08/1997 |u https://search.proquest.com/publication/45602 |